[Event "8th American Continental (w)"]
[Site "Lima PER"]
[Date "2016.02.22"]
[Round "3.18"]
[White "Pescoran Machaca, Mariabelen"]
[Black "Dongo Pinzon, Melanie"]
[Result "0-1"]
[WhiteElo "1299"]
[BlackElo "1741"]
[EventDate "2016.02.20"]
[PlyCount "160"]

1.c4 Nf6 2.d4 g6 3.Nc3 Bg7 4.e4 d6 5.f4 O-O 6.h3 c5 7.d5 e6 8.Be3 exd5 9.
cxd5 Re8 10.Qf3 Qa5 11.Bd3 Nbd7 12.Ne2 c4 13.Bc2 Nc5 14.O-O a6 15.a4 Qc7 
16.Nd4 Qe7 17.Rfe1 Nfxe4 18.Nxe4 Nxe4 19.Bf2 f5 20.Re2 Bxd4 21.Bxd4 Ng5 
22.Rxe7 Nxf3+ 23.gxf3 Rxe7 24.Kf2 Kf7 25.Ra3 Bd7 26.Re3 Rxe3 27.Kxe3 b5 
28.a5 Re8+ 29.Kd2 Bc8 30.b3 Bb7 31.b4 Bxd5 32.Bd1 h6 33.h4 Rg8 34.Be3 c3+ 
35.Kxc3 Rc8+ 36.Kd4 Ke6 37.Bd2 Bc4 38.Ke3 Kd5 39.Bc3 Re8+ 40.Kd2 Re7 41.
Bb2 Ke6 42.Bd4 Kf7 43.Bb2 Re6 44.Bd4 Re8 45.Bb2 Rb8 46.Bc2 Bd5 47.Ke3 Re8+
48.Kf2 Bc4 49.Bd1 Re6 50.Bc3 Ke7 51.Ba1 Kd7 52.Bb2 Kc6 53.Bd4 Kd5 54.Bc3 
Re7 55.Bb2 Ba2 56.Be2 Rxe2+ 57.Kxe2 Kc4 58.Bf6 Kxb4 59.Be7 Kc5 60.Kd3 b4 
61.Kc2 Bd5 62.Kb2 Bxf3 63.Kb3 Bd1+ 64.Kb2 Kb5 65.Bxd6 Kxa5 66.Kc1 Bf3 67.
Kb2 Kb5 68.Kb3 a5 69.Ka2 a4 70.Kb2 a3+ 71.Kb3 Bd5+ 72.Kc2 Ka4 73.Kb1 b3 
74.Be5 Be4+ 75.Ka1 b2+ 76.Bxb2 axb2+ 77.Kxb2 Kb4 78.Kc1 Kc3 79.Kd1 Kd3 80.
Ke1 Ke3 0-1

[Event "8th American Continental (w)"]
[Site "Lima PER"]
[Date "2016.02.22"]
[Round "3.19"]
[White "Bocangel Chavez, Marjoire"]
[Black "Bohorquez Canizares, Maria"]
[Result "0-1"]
[WhiteElo "1708"]
[BlackElo "1574"]
[EventDate "2016.02.20"]
[PlyCount "90"]

1.e4 c5 2.Nf3 e6 3.d4 cxd4 4.Nxd4 a6 5.f4 d6 6.Bc4 Nf6 7.Nc3 b5 8.Bd3 Bb7 
9.Qf3 Nbd7 10.b4 d5 11.a3 Rc8 12.Bd2 Rxc3 13.e5 Rc7 14.exf6 Qxf6 15.Nb3 
Bd6 16.O-O O-O 17.Qh3 h6 18.f5 e5 19.Be1 Be7 20.Rc1 Rfc8 21.Rf2 e4 22.Be2 
Rxc2 23.Rxc2 Rxc2 24.Qe3 Bd8 25.Na5 Bb6 26.Qb3 Rxe2 27.Qd1 Rxf2 28.Bxf2 
Bxf2+ 29.Kxf2 Qb6+ 30.Kf1 Ne5 31.Nxb7 Qxb7 32.Qd4 Nd3 33.Qc3 Qb6 34.Qc8+ 
Kh7 35.Qc2 Qe3 36.g3 d4 37.f6 gxf6 38.Qa2 Qf3+ 39.Kg1 Qd1+ 40.Kg2 Ne1+ 41.
Kf2 e3+ 42.Kg1 Nf3+ 43.Kg2 Qd2+ 44.Qxd2 exd2 45.Kxf3 d1=Q+ 0-1

[Event "8th American Continental (w)"]
[Site "Lima PER"]
[Date "2016.02.23"]
[Round "4.1"]
[White "Cori Tello, Deysi"]
[Black "Abrahamyan, Tatev"]
[Result "1-0"]
[WhiteElo "2430"]
[BlackElo "2324"]
[EventDate "2016.02.20"]
[PlyCount "71"]

1.d4 Nf6 2.Nf3 e6 3.g3 c5 4.Bg2 cxd4 5.Nxd4 d5 6.O-O e5 7.Nb3 Be7 8.Bg5 
Ng8 9.Bc1 Nf6 10.Bg5 Ng8 11.Bxe7 Nxe7 12.Qd2 Nbc6 13.Rd1 Bf5 14.Na3 Be6 
15.c4 dxc4 16.Nc5 O-O 17.Nxe6 fxe6 18.Nxc4 b5 19.Qe3 Qc7 20.Nd6 Rab8 21.
Rac1 Qb6 22.Qxb6 Rxb6 23.e3 Nb4 24.Ne4 Nbd5 25.Nc5 Rc8 26.Bh3 Kf7 27.Nd7 
Rxc1 28.Nxe5+ Kf6 29.Nd7+ Kf7 30.Rxc1 Ra6 31.a3 b4 32.axb4 Nxb4 33.Rd1 
Nbd5 34.e4 Nc7 35.Rc1 Nb5 36.Bf1 1-0

[Event "8th American Continental (w)"]
[Site "Lima PER"]
[Date "2016.02.23"]
[Round "4.2"]
[White "Franco Valencia, Angela Maria"]
[Black "Perez Rodriguez, Jennifer"]
[Result "1-0"]
[WhiteElo "2197"]
[BlackElo "2155"]
[EventDate "2016.02.20"]
[PlyCount "93"]

1.e4 e5 2.Nf3 Nc6 3.Bc4 Nf6 4.d3 Be7 5.O-O O-O 6.Re1 d6 7.a4 Kh8 8.c3 Ng8 
9.d4 f5 10.dxe5 fxe4 11.exd6 Bxd6 12.Ng5 Ne5 13.Bxg8 Kxg8 14.Nxe4 Bg4 15.
Qd5+ Kh8 16.Nxd6 cxd6 17.f4 Qb6+ 18.Be3 Qc6 19.Qxc6 Nxc6 20.h3 Bf5 21.Na3 
a6 22.Rad1 Rad8 23.Bb6 Rd7 24.b4 Rc8 25.Rd2 d5 26.g4 Bg6 27.f5 Bf7 28.b5 
Nb8 29.Bd4 Kg8 30.Rde2 Kf8 31.f6 gxf6 32.Bxf6 Re8 33.Bg7+ Kxg7 34.Rxe8 
Bxe8 35.Rxe8 axb5 36.Rxb8 d4 37.cxd4 bxa4 38.Nb5 Kg6 39.Kf2 a3 40.Ke3 Re7+
41.Kf4 Rf7+ 42.Ke5 a2 43.Ra8 Rf2 44.Nc3 Rf3 45.Nxa2 Rxh3 46.Nb4 Kg5 47.
Rg8+ 1-0

[Event "8th American Continental (w)"]
[Site "Lima PER"]
[Date "2016.02.23"]
[Round "4.3"]
[White "Martinez, Ayelen"]
[Black "Arribas Robaina, Maritza"]
[Result "0-1"]
[WhiteElo "2193"]
[BlackElo "2333"]
[EventDate "2016.02.20"]
[PlyCount "68"]

1.e4 e5 2.Nf3 Nc6 3.Bb5 a6 4.Ba4 Nf6 5.O-O Be7 6.Re1 b5 7.Bb3 O-O 8.a4 b4 
9.h3 d6 10.c3 Rb8 11.d4 Nd7 12.Bd2 Bf6 13.d5 bxc3 14.Bxc3 Nd4 15.Bc4 Nb6 
16.Bf1 Nxf3+ 17.Qxf3 Qd7 18.b3 c6 19.dxc6 Qxc6 20.Nd2 Bg5 21.Rac1 Qb7 22.
Qd3 Rd8 23.Rc2 h6 24.Ba5 d5 25.Bxb6 dxe4 26.Qxe4 Qxb6 27.Nc4 Qb4 28.Qxe5 
Bf5 29.Qxf5 Qxe1 30.Ne5 Rd1 31.Qxf7+ Kh8 32.Ng6+ Kh7 33.Nf8+ Rxf8 34.Qxf8 
Bf6 0-1

[Event "8th American Continental (w)"]
[Site "Lima PER"]
[Date "2016.02.23"]
[Round "4.4"]
[White "Dominguez Barrios, Laura Lucia"]
[Black "Zuriel, Marisa"]
[Result "0-1"]
[WhiteElo "2078"]
[BlackElo "2295"]
[EventDate "2016.02.20"]
[PlyCount "44"]

1.e4 c5 2.Nf3 d6 3.d4 cxd4 4.Nxd4 Nf6 5.Nc3 e6 6.Bc4 Be7 7.Bb3 O-O 8.g4 
Nc6 9.Rg1 Qa5 10.Qd3 Nd7 11.Bd2 Nde5 12.Qb5 Qc7 13.Nxc6 Nf3+ 14.Ke2 Nxg1+ 
15.Rxg1 bxc6 16.Qd3 d5 17.Rg3 a5 18.Kd1 Ba6 19.Qf3 d4 20.Ne2 a4 21.Nxd4 
axb3 22.axb3 Rfd8 0-1

[Event "8th American Continental (w)"]
[Site "Lima PER"]
[Date "2016.02.23"]
[Round "4.5"]
[White "Fuentes Godoy, Lilia Ivonne"]
[Black "Aliaga Fernandez, Ingrid"]
[Result "1-0"]
[WhiteElo "2062"]
[BlackElo "2173"]
[EventDate "2016.02.20"]
[PlyCount "67"]

1.d4 d5 2.c4 dxc4 3.e3 Nf6 4.Bxc4 e6 5.Nf3 c5 6.O-O a6 7.a4 Nc6 8.Qe2 cxd4
9.Rd1 Be7 10.exd4 O-O 11.Nc3 Nd5 12.Ne5 Na5 13.Ba2 b6 14.Nxd5 exd5 15.Bd2 
Bb7 16.Rac1 f6 17.Bxa5 fxe5 18.Qxe5 Bd6 19.Qe6+ Kh8 20.Be1 Bc8 21.Qxd5 Bg4
22.f3 Qb8 23.h3 Bf5 24.Bb1 Bf4 25.Rc3 Bxb1 26.Rxb1 Qe8 27.Qc6 Be3+ 28.Bf2 
Bxf2+ 29.Kxf2 Qe7 30.Qxb6 Rae8 31.Qxa6 Qh4+ 32.Kf1 Qxd4 33.Qc4 Qd7 34.Rc2 
1-0

[Event "8th American Continental (w)"]
[Site "Lima PER"]
[Date "2016.02.23"]
[Round "4.6"]
[White "Zarate Oyague, Flor de Maria"]
[Black "Franco Valencia, Beatriz Irene"]
[Result "0-1"]
[WhiteElo "1924"]
[BlackElo "2153"]
[EventDate "2016.02.20"]
[PlyCount "58"]

1.d4 d6 2.c4 g6 3.Nc3 Bg7 4.e4 Nd7 5.Nf3 e5 6.d5 a5 7.Be3 Ne7 8.Be2 b6 9.
O-O h6 10.Nd2 f5 11.f3 f4 12.Bf2 g5 13.a3 Ng6 14.b4 h5 15.Nb5 O-O 16.Qb3 
Nf6 17.c5 bxc5 18.bxc5 g4 19.cxd6 cxd6 20.Nc4 Ne8 21.Nb6 g3 22.Nxa8 Qh4 
23.hxg3 fxg3 24.Bxg3 Qxg3 25.Rf2 Nf4 26.Qe3 Bh6 27.Qb6 Bh3 28.Bf1 Ng6 29.
Bc4 Rxf3 0-1

[Event "8th American Continental (w)"]
[Site "Lima PER"]
[Date "2016.02.23"]
[Round "4.7"]
[White "Oncoy Custodio, Shantal Tania"]
[Black "Eswaran, Ashritha"]
[Result "0-1"]
[WhiteElo "1510"]
[BlackElo "2149"]
[EventDate "2016.02.20"]
[PlyCount "78"]

1.e4 c5 2.Nf3 Nc6 3.d4 cxd4 4.Nxd4 d5 5.Bb5 dxe4 6.Nxc6 Qxd1+ 7.Kxd1 a6 8.
Ba4 Bd7 9.Nc3 Bxc6 10.Bxc6+ bxc6 11.Nxe4 e5 12.Ke2 f5 13.Nd2 Bd6 14.Nc4 
Bc7 15.Rd1 g6 16.b3 Nf6 17.Bb2 O-O 18.Bxe5 Rae8 19.f4 Ng4 20.h3 Bxe5 21.
fxe5 Nxe5 22.Nxe5 Rxe5+ 23.Kf2 Rfe8 24.Re1 Kf7 25.Rxe5 Rxe5 26.Rd1 Rc5 27.
Rd2 Rc3 28.Re2 Kf6 29.Ke1 f4 30.Re4 Kf5 31.Rc4 Rxc4 32.bxc4 Ke4 33.Ke2 g5 
34.c5 h5 35.a3 g4 36.hxg4 hxg4 37.Kf2 Kd4 38.Ke2 Kxc5 39.Kd3 Kd5 0-1

[Event "8th American Continental (w)"]
[Site "Lima PER"]
[Date "2016.02.23"]
[Round "4.8"]
[White "Peng, Jackie"]
[Black "Paredes Bustamante, Paula"]
[Result "0-1"]
[WhiteElo "1922"]
[BlackElo "2096"]
[EventDate "2016.02.20"]
[PlyCount "76"]

1.e4 c5 2.Nf3 d6 3.d4 cxd4 4.Nxd4 Nf6 5.Nc3 a6 6.Bg5 e6 7.Qd2 Be7 8.O-O-O 
Nbd7 9.f3 Qc7 10.g4 b5 11.h4 O-O 12.Be3 Nb6 13.h5 Nfd7 14.g5 Ne5 15.g6 
Nec4 16.Qf2 Nxe3 17.Qxe3 b4 18.h6 fxg6 19.hxg7 Rf7 20.Bh3 Qc5 21.Nce2 e5 
22.Be6 Bxe6 23.Rxh7 exd4 24.Rh8+ Kxg7 25.Qh6+ Kf6 26.Qf4+ Bf5 27.Rxa8 Nxa8
28.exf5 Qxf5 29.Qxd4+ Qe5 30.Qd3 Nc7 31.Rg1 Rg7 32.f4 Qd5 33.Qh3 Qxa2 34.
Qh4+ Kf7 35.Qg3 Qc4 36.Qf3 Qd5 37.Qf2 Ne6 38.Ng3 Qd4 0-1

[Event "8th American Continental (w)"]
[Site "Lima PER"]
[Date "2016.02.23"]
[Round "4.9"]
[White "Besso, Guadalupe"]
[Black "Fernandez, Maria Florencia"]
[Result "1-0"]
[WhiteElo "1996"]
[BlackElo "2264"]
[EventDate "2016.02.20"]
[PlyCount "69"]

1.d4 Nf6 2.c4 g6 3.Nc3 Bg7 4.e4 d6 5.f4 O-O 6.Nf3 Na6 7.Be2 e5 8.fxe5 dxe5
9.d5 Nc5 10.Bg5 Qd6 11.Bxf6 Qxf6 12.b4 Na6 13.Rb1 b6 14.O-O Qe7 15.Qa4 Nb8
16.Qb3 Nd7 17.Rbd1 Nf6 18.Ne1 Kh8 19.h3 Ne8 20.Nd3 f5 21.c5 bxc5 22.bxc5 
Nf6 23.Bf3 Ba6 24.Qa3 Bxd3 25.Rxd3 fxe4 26.Bxe4 Nxe4 27.Rxf8+ Rxf8 28.Nxe4
Qh4 29.Re3 Bh6 30.Re2 Qf4 31.Re1 Qh4 32.Qc3 Rf4 33.g3 Rf1+ 34.Kxf1 Qxh3+ 
35.Kg1 1-0

[Event "8th American Continental (w)"]
[Site "Lima PER"]
[Date "2016.02.23"]
[Round "4.10"]
[White "Mostacero Velarde, Isabella"]
[Black "Rivera Banqueth, Ingris"]
[Result "0-1"]
[WhiteElo "1705"]
[BlackElo "2262"]
[EventDate "2016.02.20"]
[PlyCount "78"]

1.e4 c5 2.Nf3 d6 3.d4 cxd4 4.Nxd4 Nf6 5.Nc3 a6 6.h3 h5 7.g3 b5 8.Bg2 Bb7 
9.O-O Nbd7 10.Re1 Rb8 11.a3 e6 12.Qd2 Be7 13.b3 Qb6 14.Bb2 Ne5 15.f4 Nc6 
16.Nd5 exd5 17.exd5 Nxd4 18.Bxd4 Qc7 19.Bxf6 gxf6 20.Qd4 Kf8 21.c4 Bd8 22.
Kh2 Bc8 23.Rac1 b4 24.a4 Qb6 25.Qe4 f5 26.Qe2 Bf6 27.h4 Bd7 28.Qc2 Kg7 29.
Bh3 Rhe8 30.Kg2 Qd4 31.Rcd1 Qc3 32.Qxc3 bxc3 33.Rxe8 Bxe8 34.Bxf5 Rxb3 35.
c5 dxc5 36.a5 Rb2+ 37.Kf3 Ba4 38.Rc1 Rd2 39.Bc8 c2 0-1

[Event "8th American Continental (w)"]
[Site "Lima PER"]
[Date "2016.02.23"]
[Round "4.11"]
[White "Orozco Lopez, Lina Yomayra"]
[Black "Solis Chimoy, Blanca"]
[Result "1-0"]
[WhiteElo "2118"]
[BlackElo "1869"]
[EventDate "2016.02.20"]
[PlyCount "40"]

1.e4 d6 2.d4 Nf6 3.Nc3 g6 4.Be3 Bg7 5.h4 Nc6 6.Be2 h5 7.f3 e5 8.d5 Ne7 9.
Nh3 c6 10.Ng5 cxd5 11.exd5 Nf5 12.Bf2 Qa5 13.Qd3 Bd7 14.O-O-O a6 15.Kb1 b5
16.Nce4 Qc7 17.g4 Nxe4 18.fxe4 hxg4 19.exf5 gxf5 20.Qb3 Rb8 1-0

[Event "8th American Continental (w)"]
[Site "Lima PER"]
[Date "2016.02.23"]
[Round "4.12"]
[White "Garcia Contreras, Ana"]
[Black "Castrillon Gomez, Melissa"]
[Result "1-0"]
[WhiteElo "1759"]
[BlackElo "2215"]
[EventDate "2016.02.20"]
[PlyCount "113"]

1.e4 e5 2.Nf3 Nc6 3.d4 exd4 4.Nxd4 Bc5 5.Be3 Qf6 6.c3 Nge7 7.Bc4 b6 8.Qd2 
Qg6 9.f3 Ne5 10.Bf1 d5 11.Nb5 O-O 12.Bd4 dxe4 13.Bxe5 exf3 14.gxf3 Nc6 15.
Bd4 Re8+ 16.Kd1 Nxd4 17.Nxd4 Bb7 18.Bd3 Qf6 19.Kc2 Rad8 20.Re1 Rxe1 21.
Qxe1 Bxd4 22.cxd4 Qxd4 23.Qe2 Qg1 24.a4 c5 25.Ra3 Bc6 26.Nd2 Re8 27.Be4 
Qd4 28.Qd3 Bxe4 29.fxe4 Qf2 30.Qd7 Rf8 31.h3 h6 32.Rf3 Qe2 33.Rg3 h5 34.
Qd3 Qe1 35.Qc3 g6 36.Re3 Qa1 37.Qa3 Qh1 38.e5 Qd5 39.Qb3 Qb7 40.e6 c4 41.
exf7+ Rxf7 42.Qxc4 Kh7 43.Rc3 Qd7 44.b3 Qf5+ 45.Qd3 Qe6 46.Qe4 Qd7 47.Rc6 
Rg7 48.Nf3 Qd8 49.h4 Qd7 50.Rxg6 Rxg6 51.Qxg6+ Kxg6 52.Ne5+ Kf5 53.Nxd7 
Kg4 54.Nf6+ Kxh4 55.Kc3 Kg5 56.Nxh5 Kxh5 57.Kc4 1-0

[Event "8th American Continental (w)"]
[Site "Lima PER"]
[Date "2016.02.23"]
[Round "4.13"]
[White "Dongo Pinzon, Melanie"]
[Black "Chumpitaz Carbajal, Ann"]
[Result "0-1"]
[WhiteElo "1741"]
[BlackElo "2209"]
[EventDate "2016.02.20"]
[PlyCount "136"]

1.e4 c5 2.Nf3 e6 3.d4 cxd4 4.Nxd4 a6 5.Bd3 Bc5 6.Nb3 Be7 7.Be3 Nc6 8.O-O 
Nf6 9.f4 d6 10.a3 O-O 11.c4 Rb8 12.Nc3 Nd7 13.Qc2 Re8 14.Rad1 b6 15.Rf2 g6
16.h3 Bf8 17.Qd2 Nc5 18.Bc2 Nxb3 19.Bxb3 b5 20.cxb5 axb5 21.f5 Na5 22.Ba2 
Nc4 23.Bxc4 bxc4 24.f6 Qa5 25.Bh6 Rxb2 26.Qxb2 Bxh6 27.Qb5 Qxb5 28.Nxb5 
Be3 29.Rxd6 Bb7 30.e5 Be4 31.Kf1 Bd3+ 32.Ke1 Bxf2+ 33.Kxf2 h6 34.g3 g5 35.
Ke3 Bf1 36.h4 Rb8 37.a4 Ra8 38.Nc3 gxh4 39.gxh4 h5 40.Rd1 Bd3 41.Rg1+ Kf8 
42.Rg5 Bg6 43.Kd4 Rc8 44.Rg2 Kg8 45.Rb2 Bd3 46.Rb6 Ra8 47.Kc5 Kh7 48.Kb4 
Kg6 49.a5 Bf1 50.a6 Kf5 51.Nb5 Kxe5 52.a7 c3 53.Kxc3 Bxb5 54.Rxb5+ Kxf6 
55.Ra5 e5 56.Kb4 Kf5 57.Kb5 Kf4 58.Kb6 f5 59.Kb7 Rxa7+ 60.Kxa7 e4 61.Kb6 
e3 62.Kc5 e2 63.Ra1 Ke3 64.Kd5 f4 65.Ke5 f3 66.Kf5 f2 67.Ra3+ Kd4 68.Ra4+ 
Kc3 0-1

[Event "8th American Continental (w)"]
[Site "Lima PER"]
[Date "2016.02.23"]
[Round "4.14"]
[White "Heredia Serrano, Carla"]
[Black "Rodriguez Ibarra, Sofia"]
[Result "0-1"]
[WhiteElo "2185"]
[BlackElo "1794"]
[EventDate "2016.02.20"]
[PlyCount "72"]

1.e4 c5 2.Nf3 d6 3.d4 cxd4 4.Nxd4 Nf6 5.Nc3 a6 6.Qf3 Nbd7 7.h3 Qa5 8.Bd2 
Qe5 9.Qe3 e6 10.g4 Qc5 11.g5 Nh5 12.O-O-O b5 13.Be2 Nf4 14.Qxf4 Qxd4 15.
Qg3 Qc5 16.Be3 Qc6 17.a3 Bb7 18.Bf4 e5 19.Be3 Rc8 20.Bg4 Be7 21.f3 a5 22.
Bxd7+ Qxd7 23.Nd5 Bxd5 24.Rxd5 Qc7 25.Qf2 b4 26.a4 Qc4 27.Kb1 b3 28.cxb3 
Qxb3 29.Rc1 Rxc1+ 30.Bxc1 O-O 31.Rxa5 Rc8 32.h4 Qd3+ 33.Ka2 Rxc1 34.Qb6 
Qc4+ 35.b3 Qc2+ 36.Ka3 d5+ 0-1

[Event "8th American Continental (w)"]
[Site "Lima PER"]
[Date "2016.02.23"]
[Round "4.15"]
[White "Caballero Quijano, Mitzy Mishell"]
[Black "Cosme Contreras, Trilce"]
[Result "1-0"]
[WhiteElo "1909"]
[BlackElo "1757"]
[EventDate "2016.02.20"]
[PlyCount "107"]

1.d4 Nf6 2.Nf3 g6 3.Nc3 Bg7 4.e4 d6 5.h3 O-O 6.Be3 b6 7.e5 Nfd7 8.exd6 
exd6 9.Qd2 Bb7 10.O-O-O a6 11.Bh6 b5 12.h4 f6 13.h5 Rf7 14.hxg6 hxg6 15.
Bd3 Nf8 16.Ne2 Nc6 17.Nf4 Ne7 18.c3 Bxh6 19.Rxh6 Rg7 20.Bc2 d5 21.Rdh1 Qd7
22.Nd3 Nh7 23.Nc5 Qc6 24.Qf4 Rf8 25.Qg3 Nf5 26.Bxf5 gxf5 27.Qh3 Rff7 28.
Qxf5 Re7 29.g3 a5 30.Rg6 Rxg6 31.Qxg6+ Rg7 32.Qd3 Bc8 33.Nh4 Nf8 34.Nf5 
Bxf5 35.Qxf5 Rh7 36.Rxh7 Nxh7 37.Ne6 Qd7 38.Qg6+ Kh8 39.Nf4 c6 40.Kd2 Qe7 
41.Qf5 Kg7 42.Qe6 Qxe6 43.Nxe6+ Kg6 44.Nd8 b4 45.cxb4 axb4 46.Nxc6 Kf5 47.
f3 Ng5 48.Ke3 b3 49.axb3 Ke6 50.b4 Kd7 51.b5 Ne6 52.Nb4 Kd6 53.b6 Nd8 54.
g4 1-0

[Event "8th American Continental (w)"]
[Site "Lima PER"]
[Date "2016.02.23"]
[Round "4.16"]
[White "Parkhurst Casas, Miriam"]
[Black "Bohorquez Canizares, Maria"]
[Result "1-0"]
[WhiteElo "1884"]
[BlackElo "1574"]
[EventDate "2016.02.20"]
[PlyCount "87"]

1.e4 c5 2.Nf3 e6 3.c4 d6 4.d4 cxd4 5.Nxd4 Nf6 6.Nc3 b6 7.Be2 Bb7 8.f3 Be7 
9.Be3 Nc6 10.a3 Qc7 11.Rc1 Rd8 12.O-O O-O 13.b4 Qb8 14.Kh1 d5 15.exd5 Nxd4
16.Bxd4 exd5 17.c5 bxc5 18.bxc5 Bc6 19.Rb1 Qc7 20.Nb5 Qd7 21.Qc2 Rb8 22.
Nc3 Rfc8 23.Bd3 g6 24.a4 Qc7 25.Nb5 Qd7 26.Rfe1 Nh5 27.Be5 Ra8 28.Qe2 Bxc5
29.a5 Ng7 30.Nd4 Bxd4 31.Bxd4 Ne6 32.Be5 Re8 33.Qf2 Ba4 34.a6 Bc6 35.f4 f5
36.Rec1 Rec8 37.Qh4 Qf7 38.h3 d4 39.Bc4 Be4 40.Rb7 Bxb7 41.axb7 Qxb7 42.
Bxe6+ Kf8 43.Qf6+ Ke8 44.Rxc8+ 1-0

[Event "8th American Continental (w)"]
[Site "Lima PER"]
[Date "2016.02.23"]
[Round "4.17"]
[White "Arias Cango, Nathaly"]
[Black "Romero Dongo, Antonella"]
[Result "0-1"]
[WhiteElo "1888"]
[BlackElo "1781"]
[EventDate "2016.02.20"]
[PlyCount "118"]

1.e4 e5 2.Nf3 Nc6 3.Bb5 a6 4.Ba4 b5 5.Bb3 Nf6 6.O-O Nxe4 7.d4 d5 8.dxe5 
Be6 9.Nbd2 Bc5 10.Nxe4 dxe4 11.Bxe6 fxe6 12.Ng5 Qxd1 13.Rxd1 O-O 14.Nxe4 
Bb6 15.b3 Nxe5 16.Bb2 Ng4 17.Rd7 e5 18.Kh1 Rf4 19.f3 Raf8 20.h3 Nf6 21.
Nxf6+ gxf6 22.Rad1 Rf7 23.Rd8+ Rf8 24.R8d7 Rf7 25.Rd8+ Rf8 26.R8d3 Rh4 27.
Kh2 Bc5 28.g3 Rh6 29.Rd5 Bb6 30.h4 Rg6 31.Bc1 h5 32.Kh3 Kh8 33.Rd8 Rxd8 
34.Rxd8+ Rg8 35.Rd5 Kh7 36.c4 bxc4 37.bxc4 Bd4 38.Rd7+ Rg7 39.Rxg7+ Kxg7 
40.g4 Kg6 41.Kg3 f5 42.gxf5+ Kxf5 43.Bg5 c6 44.Bd8 e4 45.fxe4+ Kxe4 46.Be7
Be5+ 47.Kf2 Kd3 48.c5 Ke4 49.Ke2 Bd4 50.Kd2 Kd5 51.Kd3 Bxc5 52.Bf6 Bd6 53.
Kc2 Ke4 54.Kb3 Kd3 55.Bd8 c5 56.Ba5 c4+ 57.Kb2 Be5+ 58.Kc1 c3 59.a4 Bf4+ 
0-1

[Event "8th American Continental (w)"]
[Site "Lima PER"]
[Date "2016.02.23"]
[Round "4.18"]
[White "Francia Arzapalo, Gianella"]
[Black "Bocangel Chavez, Marjoire"]
[Result "1/2-1/2"]
[WhiteElo "1486"]
[BlackElo "1708"]
[EventDate "2016.02.20"]
[PlyCount "101"]

1.d4 d5 2.Nf3 Nf6 3.Bf4 e6 4.e3 c5 5.c3 Nc6 6.h3 Bd7 7.Be2 Rc8 8.Nbd2 Be7 
9.O-O O-O 10.Ne5 Ne4 11.f3 Nxd2 12.Qxd2 f6 13.Nxc6 Bxc6 14.Rab1 Bd6 15.
Bxd6 Qxd6 16.f4 cxd4 17.exd4 e5 18.fxe5 fxe5 19.dxe5 Qxe5 20.Bf3 Rcd8 21.
Rfe1 Qg3 22.Rf1 h6 23.Rbe1 Qd6 24.Rd1 Kh8 25.Qe3 a6 26.Rd4 Qc5 27.Qd2 Qa5 
28.a3 Rf5 29.Re1 Rdf8 30.Re3 Qc7 31.Qe1 Qf7 32.Re7 Qg6 33.Rg4 Rg5 34.Rxg5 
Qxg5 35.Qe3 Qg6 36.Qe2 Qb1+ 37.Kh2 Qc1 38.Re3 Bb5 39.Qf2 Bc4 40.Re1 Qf4+ 
41.Kh1 Qf7 42.Qd4 Qf6 43.Qxf6 Rxf6 44.Kg1 g5 45.Rd1 Rd6 46.Rd4 Kg7 47.Kf2 
Kf6 48.Bd1 Ke5 49.Ke3 Rb6 50.b4 Rf6 51.Bf3 1/2-1/2

[Event "8th American Continental (w)"]
[Site "Lima PER"]
[Date "2016.02.23"]
[Round "4.19"]
[White "Pescoran Machaca, Mariabelen"]
[Black "Estrada Cantaro, Alexandra Fiorella"]
[Result "0-1"]
[WhiteElo "1299"]
[BlackElo "1635"]
[EventDate "2016.02.20"]
[PlyCount "80"]

1.c4 Nf6 2.d4 g6 3.Nc3 Bg7 4.e4 d6 5.Be2 O-O 6.f4 Na6 7.Nf3 c5 8.d5 e6 9.
O-O exd5 10.exd5 Re8 11.Bd3 Ng4 12.Re1 Rxe1+ 13.Qxe1 f5 14.a3 Bd7 15.h3 
Nf6 16.Bd2 Qf8 17.Qf2 Nc7 18.Re1 a6 19.Qf1 Rb8 20.a4 b6 21.Rb1 a5 22.b3 
Na6 23.Re1 Nb4 24.Bb1 Nh5 25.Rc1 Re8 26.Ne2 Nf6 27.Nc3 Ne4 28.Qd1 Nxd2 29.
Qxd2 Qf6 30.Bd3 Qf7 31.Bf1 Na6 32.Re1 Nc7 33.Ne2 Re7 34.Ng3 Ne8 35.Rxe7 
Qxe7 36.Bd3 Nf6 37.Qe1 Qf8 38.Nd2 Nh5 39.Ne2 Qe7 40.Nf3 Qe3+ 0-1

[Event "8th American Continental (w)"]
[Site "Lima PER"]
[Date "2016.02.23"]
[Round "5.1"]
[White "Franco Valencia, Angela Maria"]
[Black "Cori Tello, Deysi"]
[Result "1/2-1/2"]
[WhiteElo "2197"]
[BlackElo "2430"]
[EventDate "2016.02.20"]
[PlyCount "63"]

1.e4 g6 2.d4 Bg7 3.Nc3 c6 4.f4 d6 5.Nf3 Bg4 6.Be2 Qb6 7.e5 Nh6 8.Ne4 O-O 
9.c3 Nf5 10.Qb3 Nd7 11.Qxb6 axb6 12.O-O d5 13.Nf2 Bxf3 14.Bxf3 e6 15.Bg4 
Ne7 16.Nd3 c5 17.Be3 Rfc8 18.a3 Bf8 19.Bd1 cxd4 20.cxd4 b5 21.Rc1 Nb6 22.
Rxc8 Rxc8 23.Bf2 Nc4 24.Be2 Nc6 25.Rc1 Ra8 26.h3 Be7 27.Rc2 Bd8 28.Nc5 Bb6
29.Nb3 N4a5 30.Nc5 Nc4 31.Nb3 N4a5 32.Nc5 1/2-1/2

[Event "8th American Continental (w)"]
[Site "Lima PER"]
[Date "2016.02.23"]
[Round "5.2"]
[White "Abrahamyan, Tatev"]
[Black "Arribas Robaina, Maritza"]
[Result "0-1"]
[WhiteElo "2324"]
[BlackElo "2333"]
[EventDate "2016.02.20"]
[PlyCount "88"]

1.e4 e6 2.d4 d5 3.Nd2 Nf6 4.e5 Nfd7 5.Ngf3 c5 6.c3 Nc6 7.Bd3 Be7 8.O-O Qb6
9.dxc5 Nxc5 10.Bc2 O-O 11.Re1 Nd7 12.Nb3 f6 13.exf6 Nxf6 14.Nbd4 Nxd4 15.
cxd4 Bd7 16.Bg5 Rac8 17.Ne5 Be8 18.Rc1 Rc7 19.Qd3 Ne4 20.Bxe7 Rxe7 21.f3 
Nf6 22.Bb3 Rc7 23.Rxc7 Qxc7 24.Qe3 Qb6 25.Nd3 Bf7 26.Rc1 Ne8 27.Ne5 Nf6 
28.Rc5 Rd8 29.h3 Be8 30.Qg5 Bc6 31.Nxc6 bxc6 32.Qe3 Kf7 33.Ba4 Rc8 34.Kh1 
Qxb2 35.Bxc6 Qxa2 36.g4 Rb8 37.Rc1 Rb1 38.g5 Qc2 39.Rxb1 Qxb1+ 40.Qg1 
Qxg1+ 41.Kxg1 Ne8 42.Kf2 Nd6 43.Ke3 Nc4+ 44.Kf4 a5 0-1

[Event "8th American Continental (w)"]
[Site "Lima PER"]
[Date "2016.02.23"]
[Round "5.3"]
[White "Zuriel, Marisa"]
[Black "Paredes Bustamante, Paula"]
[Result "1/2-1/2"]
[WhiteElo "2295"]
[BlackElo "2096"]
[EventDate "2016.02.20"]
[PlyCount "107"]

1.e4 c5 2.Nf3 d6 3.d4 cxd4 4.Nxd4 Nf6 5.Nc3 a6 6.Bg5 e6 7.f4 Be7 8.Qe2 Qc7
9.O-O-O Nbd7 10.g4 h6 11.Bh4 g5 12.fxg5 Ng8 13.Nf3 Ne5 14.g6 Nxg6 15.Bxe7 
N8xe7 16.Qd2 Ne5 17.Be2 Nxg4 18.Rhg1 Ne5 19.Nxe5 dxe5 20.Bh5 Rh7 21.Rdf1 
Bd7 22.Rxf7 Rxf7 23.Rg7 O-O-O 24.Bxf7 Rh8 25.h4 Qc4 26.Bh5 Qf1+ 27.Nd1 Qf6
28.Qc3+ Nc6 29.Qg3 Rf8 30.Rg6 Qf4+ 31.Qxf4 Rxf4 32.Rg4 Kc7 33.c3 Ne7 34.
Ne3 b5 35.Rxf4 exf4 36.Ng4 Bc6 37.Nxh6 Bxe4 38.Bg4 Kd7 39.Kd2 Ng6 40.Ng8 
Kd6 41.h5 Ne5 42.Be2 Nd7 43.Bg4 Bh7 44.Nh6 Ne5 45.Be2 Kd5 46.Ng4 Nxg4 47.
Bxg4 e5 48.Bc8 a5 49.Bb7+ Kc5 50.Bc8 Kd6 51.Ba6 Kc5 52.Bc8 Kd6 53.Ba6 Kc5 
54.Bc8 1/2-1/2

[Event "8th American Continental (w)"]
[Site "Lima PER"]
[Date "2016.02.23"]
[Round "5.4"]
[White "Franco Valencia, Beatriz Irene"]
[Black "Fuentes Godoy, Lilia Ivonne"]
[Result "1-0"]
[WhiteElo "2153"]
[BlackElo "2062"]
[EventDate "2016.02.20"]
[PlyCount "111"]

1.d4 d5 2.c4 e6 3.cxd5 exd5 4.Nc3 c6 5.Qc2 Bd6 6.a3 f5 7.Nf3 Nf6 8.Bg5 O-O
9.e3 Qe8 10.Bxf6 Rxf6 11.Bd3 Be6 12.g4 fxg4 13.Bxh7+ Kh8 14.Ng5 Qh5 15.
Nxe6 Rxe6 16.Bf5 Rf6 17.Bc8 Rf7 18.Qe2 Qh4 19.Bxg4 Na6 20.Rf1 Raf8 21.Nd1 
Qxh2 22.Kd2 g6 23.f3 Qxe2+ 24.Kxe2 Rh7 25.Nc3 Kg7 26.Rf2 Nc7 27.b4 Rfh8 
28.Rg1 Kf6 29.e4 Bf4 30.Kd3 g5 31.Ne2 Rh2 32.Rxh2 Rxh2 33.Bc8 Nb5 34.a4 
Nd6 35.e5+ Bxe5 36.dxe5+ Kxe5 37.Bd7 Kf6 38.Re1 Nc4 39.Bc8 Ne5+ 40.Ke3 
Nc4+ 41.Kd4 Ne5 42.Bg4 Rh4 43.Rf1 Rh2 44.Ng3 Rd2+ 45.Kc5 Nd3+ 46.Kd6 Nxb4 
47.Nh5+ Kg6 48.Re1 d4 49.Re6+ Kf7 50.Rf6+ Kg8 51.Be6+ Kh7 52.Bf5+ Kg8 53.
Rg6+ Kf7 54.Rg7+ Kf8 55.Rxb7 Nd5 56.Be6 1-0

[Event "8th American Continental (w)"]
[Site "Lima PER"]
[Date "2016.02.23"]
[Round "5.5"]
[White "Eswaran, Ashritha"]
[Black "Orozco Lopez, Lina Yomayra"]
[Result "1-0"]
[WhiteElo "2149"]
[BlackElo "2118"]
[EventDate "2016.02.20"]
[PlyCount "55"]

1.e4 c5 2.Nf3 e6 3.d4 cxd4 4.Nxd4 a6 5.c4 Nf6 6.Nc3 d6 7.Be3 Be7 8.a3 Nc6 
9.Be2 O-O 10.O-O Re8 11.f4 Nd7 12.Bf3 Qc7 13.Rc1 Bf8 14.b4 Rb8 15.Ncb5 
axb5 16.cxb5 Ra8 17.bxc6 bxc6 18.Nxc6 Qb7 19.a4 Nb8 20.Nxb8 Rxb8 21.b5 Bd7
22.Qd4 Ra8 23.Rc4 Rec8 24.Rfc1 h6 25.Qb6 Qxb6 26.Bxb6 Rcb8 27.Bc7 Rb7 28.
Bxd6 1-0